Epic III - Hadestown - Statistics

General Stats
  • This quiz has been taken 17 times
  • The average score is 234 of 313
Answer Stats
Role Lyrics % Correct
Orpheus King
100%
king
100%
La la la la la
100%
Hades + Persephone | Orpheus La la la la la la
100%
la la la la la la la
100%
La la la la la la la
100%
of
100%
shadows,
100%
a
92%
A
92%
above
92%
beautiful
92%
fell
92%
field
92%
green
92%
Hades
92%
he
92%
He
92%
her
92%
I
92%
in
92%
it
92%
It
92%
lady
92%
love
92%
mother's
92%
Persephone
92%
the
92%
The
92%
Underworld
92%
up
92%
walked
92%
was
92%
Who
92%
with
92%
about
85%
And
85%
and
85%
Orpheus But
85%
Hermes Go
85%
go
85%
it's
85%
me?
85%
me
85%
Hades Oh,
85%
is
77%
Is
77%
on
77%
sing
77%
Singing
77%
Where
77%
because
69%
flowers
69%
his
69%
how
69%
know
69%
like
69%
like,
69%
Like
69%
loves,
69%
man
69%
man?
69%
no
69%
So
69%
so
69%
sun
69%
that
69%
there
69%
What
69%
what
69%
when
69%
woman
69%
world
69%
you
69%
You
69%
your
69%
arms
62%
become
62%
didn't
62%
finish,
62%
for
62%
get
62%
heart
62%
held
62%
him
62%
holding
62%
holds
62%
knew
62%
Persephone Let
62%
let
62%
light
62%
melody?
62%
Now
62%
See
62%
shades
62%
shoulders
62%
started
62%
to
62%
To
62%
wanted
62%
weight
62%
Hades Where'd
62%
why
62%
always
54%
doesn't
54%
everything?
54%
felt
54%
gathering
54%
has
54%
has,
54%
head
54%
He's
54%
he's
54%
home
54%
known
54%
lose
54%
more
54%
nothing
54%
outstretched?
54%
saw
54%
she
54%
someone
54%
take
54%
way
54%
were
54%
words
54%
you'd
54%
youth?
54%
already
46%
back
46%
bending
46%
chest?
46%
gone
46%
greater
46%
inside
46%
keeps
46%
labors
46%
look
46%
low,
46%
(Orpheus) mouth
46%
opened
46%
pleasure?
46%
treasure
46%
whole
46%
yours
46%
(Orpheus) Afraid
38%
afraid
38%
afraid,
38%
beneath
38%
against
31%
alone
31%
defending
31%
grown
31%
he'll
31%
load
31%
owns
31%
sky
31%
No matching quizzes found
Score Distribution
Percent of People with Each Score
Percentile by Number Answered
Your Score History
You have not taken this quiz